Srimad Bhagavadgita (Record no. 93748)

MARC details
000 -LEADER
fixed length control field 00542nam a2200193Ia 4500
005 - DATE AND TIME OF LATEST TRANSACTION
control field 20230420170813.0
008 - FIXED-LENGTH DATA ELEMENTS--GENERAL INFORMATION
fixed length control field 230125s9999 xx 000 0 und d
020 ## - INTERNATIONAL STANDARD BOOK NUMBER
International Standard Book Number 81-293-0063-X
041 ## - LANGUAGE CODE
Language code of text/sound track or separate title eng
082 ## - DEWEY DECIMAL CLASSIFICATION NUMBER
Classification number 823
Item number SWA
100 ## - MAIN ENTRY--PERSONAL NAME
Author Swami Ramsukhdas
245 ## - TITLE STATEMENT
Title Srimad Bhagavadgita
Remainder of title Sadhaka-Sanjivani [with Appendix] Vol.1
260 ## - PUBLICATION, DISTRIBUTION, ETC.
Name of publisher, distributor, etc. Gita Press
Place of publication, distribution, etc. Gorakhpur
300 ## - PHYSICAL DESCRIPTION
Extent 1035 p
500 ## - GENERAL NOTE
Keywords English Literature<br/>
650 ## - SUBJECT ADDED ENTRY--TOPICAL TERM
Topical term or geographic name entry element English Literature
700 ## - ADDED ENTRY--PERSONAL NAME
Personal name Swami Ramsukhdas & S.D.Tupe, Donor
942 ## - ADDED ENTRY ELEMENTS (KOHA)
Koha item type Donated Book
Holdings
Withdrawn status Lost status Damaged status Not for loan Home library Current library Date acquired Vendor Net Price Total Checkouts Full call number Barcode Date last seen Date last checked out Actual Price Bill Date Koha item type Original Barcode
        Smt. Hiraben Nanavati Institute of Management & Research for Women Smt. Hiraben Nanavati Institute of Management & Research for Women 25/06/2015 Donated Book- Outside Donar 1.00 5 823 SWA DB2180 HIMR-DB-2180 26/11/2025 21/11/2025 1.00 25/01/2023 Donated Book DB2180
        Smt. Hiraben Nanavati Institute of Management & Research for Women Smt. Hiraben Nanavati Institute of Management & Research for Women 25/06/2015 Donated Book- Outside Donar     823 SWA DB2181 HIMR-DB-2181 25/01/2023     25/01/2023 Donated Book DB2181